Pályakezdő fiatalok munkaerő-piaci integrációjának segítése Magyarországon
| Szerző: | |
|---|---|
| További közreműködők: | |
| Dokumentumtípus: | Diplomadolgozat |
| Kulcsszavak: | Munkaerőpiac, magyar Foglalkoztatás Munkanélküliség Pályakezdés Első Munkahely Garancia Program START program Elemzés |
| Online Access: | http://dolgozattar.uni-bge.hu/59375 |
MARC
| LEADER | 00000nta a2200000 i 4500 | ||
|---|---|---|---|
| 001 | dolg59375 | ||
| 005 | 20260114082627.0 | ||
| 008 | 260114suuuu hu om 000 hun d | ||
| 040 | |a BGE Dolgozattár Repozitórium |b hun | ||
| 041 | |a hu | ||
| 100 | 1 | |a Nyitrai Dóra | |
| 245 | 1 | 0 | |a Pályakezdő fiatalok munkaerő-piaci integrációjának segítése Magyarországon |c Nyitrai Dóra |h [elektronikus dokumentum] |
| 695 | |a Munkaerőpiac, magyar | ||
| 695 | |a Foglalkoztatás | ||
| 695 | |a Munkanélküliség | ||
| 695 | |a Pályakezdés | ||
| 695 | |a Első Munkahely Garancia Program | ||
| 695 | |a START program | ||
| 695 | |a Elemzés | ||
| 700 | 1 | |a Kővári István |e ths | |
| 856 | 4 | 0 | |u http://dolgozattar.uni-bge.hu/59375/1/Nyitrai-Dora.pdf |z Dokumentum-elérés |